Normal view
MARC view
- إعداد جمال حسني هارون؛ إشراف محمد يوسف الزعبي
Entry Personal Name
001 - CONTROL NUMBER
- control field: 46750
003 - CONTROL NUMBER IDENTIFIER
- control field: JO-AjAnu
005 - DATE AND TIME OF LATEST TRANSACTION
- control field: 20230606081726.0
008 - FIXED-LENGTH DATA ELEMENTS
- fixed length control field: 230606|| aca||aabn | a|a d
040 ## - CATALOGING SOURCE
- Original cataloging agency: JO-AjAnu
- Transcribing agency: JO-AjAnu
100 ## - HEADING--PERSONAL NAME
- Personal name: إعداد جمال حسني هارون؛ إشراف محمد يوسف الزعبي
670 ## - SOURCE DATA FOUND
- Source citation: Work cat.: (JO-AjAnu)23929: إعداد جمال حسني هارون؛ إشراف محمد يوسف الزعبي , author, الحماية المدنية للحق الأدبي للمؤلف في التشريع الأردني " دراسة مقارنة "